| 000 | 00420nam a2200145 a 4500 | ||
|---|---|---|---|
| 001 | 2338 | ||
| 003 | CDMR | ||
| 005 | 20130318110406.0 | ||
| 008 | 130130s1999||||||||||||||||||||||||||||d | ||
| 040 |
_aCDMR _bcat _cCPC LLEIDA |
||
| 100 | 1 |
_aSerra Saguer, Jaume _91752 |
|
| 245 | 1 | 3 |
_aLa ràdio a Lleida _bTransformació del mitjà (1980-1999) _cSERRA SAGUER, Jaume |
| 260 |
_aLleida _c1999 _bAjuntament de Lleida |
||
| 942 |
_cMON _2udc |
||
| 999 |
_c2338 _d2338 |
||